<?xml version="1.0" encoding="UTF-8"?><?xml-stylesheet type="text/xsl" href="static/style.xsl"?><OAI-PMH xmlns="http://www.openarchives.org/OAI/2.0/" xmlns:xsi="http://www.w3.org/2001/XMLSchema-instance" xsi:schemaLocation="http://www.openarchives.org/OAI/2.0/ http://www.openarchives.org/OAI/2.0/OAI-PMH.xsd"><responseDate>2026-04-28T08:52:47Z</responseDate><request verb="GetRecord" identifier="oai:riubu.ubu.es:10259/11195" metadataPrefix="marc">https://riubu.ubu.es/oai/request</request><GetRecord><record><header><identifier>oai:riubu.ubu.es:10259/11195</identifier><datestamp>2026-01-12T07:57:14Z</datestamp><setSpec>com_10259_5786</setSpec><setSpec>com_10259_5086</setSpec><setSpec>com_10259_2604</setSpec><setSpec>col_10259_5787</setSpec></header><metadata><record xmlns="http://www.loc.gov/MARC21/slim" xmlns:doc="http://www.lyncode.com/xoai" xmlns:xsi="http://www.w3.org/2001/XMLSchema-instance" xmlns:dcterms="http://purl.org/dc/terms/" xsi:schemaLocation="http://www.loc.gov/MARC21/slim http://www.loc.gov/standards/marcxml/schema/MARC21slim.xsd">
<leader>00925njm 22002777a 4500</leader>
<datafield tag="042" ind1=" " ind2=" ">
<subfield code="a">dc</subfield>
</datafield>
<datafield tag="720" ind1=" " ind2=" ">
<subfield code="a">Barba Martín, Raúl A.</subfield>
<subfield code="e">author</subfield>
</datafield>
<datafield tag="720" ind1=" " ind2=" ">
<subfield code="a">Hortigüela Alcalá, David</subfield>
<subfield code="e">author</subfield>
</datafield>
<datafield tag="720" ind1=" " ind2=" ">
<subfield code="a">Pérez Pueyo, Ángel</subfield>
<subfield code="e">author</subfield>
</datafield>
<datafield tag="720" ind1=" " ind2=" ">
<subfield code="a">Sánchez-Miguel, Pedro Antonio</subfield>
<subfield code="e">author</subfield>
</datafield>
<datafield tag="260" ind1=" " ind2=" ">
<subfield code="c">2025-12</subfield>
</datafield>
<datafield tag="520" ind1=" " ind2=" ">
<subfield code="a">For years, social networks have become a powerful means of information for young people. In the specific case of health, in recent years there has been a large increase in content associated with physical activity on social networks that directly affects young people and future professionals in the field. A qualitative study is proposed with the new students of the Degree of Physical Activity and Sport Sciences, to know what are the perspectives and uses around social networks in the field of health associated with physical activity with which they begin their initial training. The results reflect the value and use that future physical-sports educators give to social networks, as well as the influence that their access to the Degree has. We conclude the importance of this work for the effective inclusion of social networks in the initial training of future physical-sports educators.</subfield>
</datafield>
<datafield tag="024" ind2=" " ind1="8">
<subfield code="a">1743-0437</subfield>
</datafield>
<datafield tag="024" ind2=" " ind1="8">
<subfield code="a">https://hdl.handle.net/10259/11195</subfield>
</datafield>
<datafield tag="024" ind2=" " ind1="8">
<subfield code="a">10.1080/17430437.2025.2593804</subfield>
</datafield>
<datafield tag="024" ind2=" " ind1="8">
<subfield code="a">1743-0445</subfield>
</datafield>
<datafield ind1=" " ind2=" " tag="653">
<subfield code="a">Social media</subfield>
</datafield>
<datafield ind1=" " ind2=" " tag="653">
<subfield code="a">Health</subfield>
</datafield>
<datafield ind1=" " ind2=" " tag="653">
<subfield code="a">Physical activity</subfield>
</datafield>
<datafield ind1=" " ind2=" " tag="653">
<subfield code="a">Physical sports educators training</subfield>
</datafield>
<datafield ind1=" " ind2=" " tag="653">
<subfield code="a">Higher education</subfield>
</datafield>
<datafield ind1=" " ind2=" " tag="653">
<subfield code="a">Social media</subfield>
</datafield>
<datafield ind1=" " ind2=" " tag="653">
<subfield code="a">Physical activity</subfield>
</datafield>
<datafield tag="245" ind1="0" ind2="0">
<subfield code="a">The influence of social media in the training on physical activity and health of future physical sports educators</subfield>
</datafield>
</record></metadata></record></GetRecord></OAI-PMH>